[Event "Chigorin Memorial 30th"]
[Site "St Petersburg"]
[Date "2023.10.28"]
[Round "8"]
[White "Akmalov, Daniil"]
[Black "Rybakov, Sergey2"]
[Result "1-0"]
[WhiteElo "2132"]
[BlackElo "1772"]
[PlyCount "89"]
[EventDate "2023.10.21"]
[EventType "swiss"]
[EventRounds "9"]
[EventCountry "RUS"]
[SourceTitle "Mega2024 Update 01"]
[Source "Chessbase"]
[SourceDate "2023.11.12"]
[SourceVersion "1"]
[SourceVersionDate "2023.11.12"]
[SourceQuality "1"]

1. d4 f5 2. c4 Nf6 3. g3 g6 4. Bg2 Bg7 5. Nf3 d6 6. 0-0 0-0 7. Nc3 c6 8. Bg5 h6 9. Bxf6 Bxf6 10. e4 e5 11. Qd2 Bg7 12. dxe5 dxe5 13. Qxd8 Rxd8 14. Nh4 Kh7 15. Rad1 Rf8 16. exf5 Bxf5 17. Ne4 Bg4 18. Rd6 g5 19. f3 Bc8 20. Ng6 Re8 21. h4 Be6 22. hxg5 Kxg6 23. Bh3 Bf8 24. Rxe6+ Rxe6 25. Bxe6 hxg5 26. f4 exf4 27. gxf4 gxf4 28. Rxf4 Na6 29. Rg4+ Kh6 30. Bf5 Bc5+ 31. Kg2 Rf8 32. Rg6+ Kh7 33. Rg5+ Kh6 34. Kf3 Be7 35. Rg6+ Kh7 36. Kf4 Nc5 37. Re6+ Rxf5+ 38. Kxf5 Nxe6 39. Kxe6 Bh4 40. Nd6 b6 41. Nc8 Bf2 42. Nxa7 b5 43. Nxb5 cxb5 44. cxb5 Bb6 45. b4 1-0

[Event "Chigorin Memorial 30th"]
[Site "St Petersburg"]
[Date "2023.10.25"]
[Round "5"]
[White "Smirnov, Yaroslav"]
[Black "Akmalov, Daniil"]
[Result "1/2-1/2"]
[WhiteElo "1900"]
[BlackElo "2132"]
[PlyCount "82"]
[EventDate "2023.10.21"]
[EventType "swiss"]
[EventRounds "9"]
[EventCountry "RUS"]
[SourceTitle "Mega2024 Update 01"]
[Source "Chessbase"]
[SourceDate "2023.11.12"]
[SourceVersion "1"]
[SourceVersionDate "2023.11.12"]
[SourceQuality "1"]

1. Nf3 Nf6 2. g3 d5 3. c4 c6 4. Bg2 Bg4 5. Ne5 Be6 6. d3 Nbd7 7. cxd5 Bxd5 8. Nf3 c5 9. Nc3 Bc6 10. 0-0 e6 11. a3 Be7 12. Bd2 0-0 13. Rb1 a5 14. a4 Nd5 15. d4 Nb4 16. Be3 c4 17. Bf4 Nb6 18. Ne5 Bxg2 19. Kxg2 f6 20. Nf3 Qd7 21. e4 Nd3 22. Be3 Bb4 23. d5 Bc5 24. dxe6 Qxe6 25. Qe2 Rad8 26. Rfd1 Qc6 27. Bxc5 Qxc5 28. b3 Nb4 29. bxc4 Qxc4 30. Qxc4+ Nxc4 31. Nd5 Nxd5 32. exd5 Rf7 33. Rb5 Rc7 34. Rd4 Rd6 35. Nd2 Nxd2 36. Rxd2 b6 37. Rdb2 Rc4 38. Rxb6 Rxb6 39. Rxb6 Rxa4 40. Rb7 Rd4 41. Rb5 a4 1/2-1/2

[Event "St Petersburg Korchnoi Memorial op"]
[Site "St Petersburg"]
[Date "2023.08.22"]
[Round "7"]
[White "Akmalov, Daniil"]
[Black "Volchkova, Alena"]
[Result "1-0"]
[WhiteElo "2144"]
[BlackElo "1890"]
[PlyCount "61"]
[EventDate "2023.08.18"]
[EventType "swiss"]
[EventRounds "9"]
[EventCountry "RUS"]
[SourceTitle "EXT 2024"]
[Source "ChessBase"]
[SourceDate "2023.10.10"]
[SourceVersion "1"]
[SourceVersionDate "2023.10.10"]
[SourceQuality "1"]

1. d4 Nf6 2. c4 e6 3. Nc3 Bb4 4. e3 0-0 5. Bd3 Re8 6. Nge2 d5 7. a3 Bxc3+ 8. bxc3 dxc4 9. Bxc4 b6 10. 0-0 Bb7 11. Ng3 c5 12. Qe2 cxd4 13. cxd4 Nc6 14. Bb2 Rc8 15. Rad1 Qe7 16. d5 exd5 17. Nf5 Qe6 18. Nxg7 Kxg7 19. Rxd5 Kf8 20. Rg5 Qe7 21. Qf3 Ne5 22. Qh3 Neg4 23. Rxg4 Nxg4 24. Qxg4 Qe4 25. Qg7+ Ke7 26. Qf6+ Kd7 27. Rd1+ Bd5 28. Bxd5 Qe7 29. Ba8+ Kc7 30. Qc6+ Kb8 31. Be5+ 1-0

[Event "Chigorin Memorial Blitz"]
[Site "St Petersburg"]
[Date "2022.10.21"]
[Round "5"]
[White "Akmalov, Daniil"]
[Black "Novik, Maxim"]
[Result "1-0"]
[WhiteElo "2155"]
[BlackElo "2412"]
[PlyCount "103"]
[EventDate "2022.10.21"]
[EventType "swiss (blitz)"]
[EventRounds "11"]
[EventCountry "RUS"]
[SourceTitle "EXT 2024"]
[Source "ChessBase"]
[SourceDate "2023.10.10"]
[SourceVersion "1"]
[SourceVersionDate "2023.10.10"]
[SourceQuality "1"]

1. d4 Nf6 2. c4 g6 3. Nc3 d5 4. cxd5 Nxd5 5. e4 Nxc3 6. bxc3 Bg7 7. Nf3 c5 8. Be3 Qa5 9. Qd2 Nc6 10. Rc1 cxd4 11. cxd4 Qxd2+ 12. Kxd2 0-0 13. d5 Rd8 14. Ke1 Na5 15. Bg5 Bd7 16. Bd3 Rdc8 17. Ke2 e6 18. Rxc8+ Rxc8 19. Rc1 Rxc1 20. Bxc1 exd5 21. exd5 b6 22. Ba6 Kf8 23. Bf4 Bf5 24. Bb8 Bb1 25. a3 Bb2 26. a4 Bc2 27. Bxa7 Bxa4 28. Bxb6 Nb3 29. Bc4 Bc3 30. Kd3 Bb4 31. Nd4 Nc5+ 32. Ke3 Nd7 33. Bc7 Bc5 34. Kd3 Ke7 35. f4 Bd6 36. Bxd6+ Kxd6 37. Ne2 Kc5 38. Nc3 Nb6 39. Ne4+ Kb4 40. Ba2 Nd7 41. Kd4 f5 42. Nc3 Bc2 43. d6 Ka3 44. Be6 Nf8 45. Ke5 Kb4 46. Nd5+ Kc5 47. d7 Nxd7+ 48. Bxd7 Be4 49. Ne3 Kb4 50. g4 Kc3 51. gxf5 gxf5 52. Bxf5 1-0

[Event "Chigorin Memorial Blitz"]
[Site "St Petersburg"]
[Date "2022.10.21"]
[Round "6"]
[White "Yanchenko, Roman"]
[Black "Akmalov, Daniil"]
[Result "1-0"]
[WhiteElo "2467"]
[BlackElo "2155"]
[PlyCount "69"]
[EventDate "2022.10.21"]
[EventType "swiss (blitz)"]
[EventRounds "11"]
[EventCountry "RUS"]
[SourceTitle "EXT 2024"]
[Source "ChessBase"]
[SourceDate "2023.10.10"]
[SourceVersion "1"]
[SourceVersionDate "2023.10.10"]
[SourceQuality "1"]

1. d4 Nf6 2. c4 e6 3. Nf3 d5 4. Nc3 c5 5. e3 Nc6 6. h3 cxd4 7. exd4 Bb4 8. Bd3 dxc4 9. Bxc4 0-0 10. 0-0 b6 11. Bg5 Bb7 12. Rc1 Be7 13. a3 Na5 14. Ba2 Nd5 15. Bxd5 Bxg5 16. Bxb7 Nxb7 17. Nxg5 Qxg5 18. Qf3 Nd6 19. d5 exd5 20. Nxd5 Rac8 21. Rcd1 Nc4 22. Rd4 Ne5 23. Qe2 Nc6 24. Rd3 Rfe8 25. Qd1 Rcd8 26. b4 h5 27. b5 Ne5 28. Rg3 Qh6 29. Qxh5 Qxh5 30. Nf6+ Kf8 31. Nxh5 g6 32. Nf4 Rd4 33. Ne2 Rd2 34. Nc3 Nd3 35. Nb1 1-0

[Event "Chigorin Memorial 28th"]
[Site "St Petersburg"]
[Date "2021.10.25"]
[Round "3"]
[White "Fedorov, Alexei"]
[Black "Akmalov, Daniil"]
[Result "1-0"]
[WhiteElo "2541"]
[BlackElo "2235"]
[PlyCount "75"]
[EventDate "2021.10.23"]
[EventType "swiss"]
[EventRounds "9"]
[EventCountry "RUS"]
[SourceTitle "EXT 2023"]
[Source "ChessBase"]
[SourceDate "2022.10.05"]
[SourceVersion "1"]
[SourceVersionDate "2022.10.05"]
[SourceQuality "1"]

1. e4 g6 2. d4 Bg7 3. Nc3 d6 4. Be3 a6 5. g4 b5 6. Bg2 Bb7 7. h4 Nf6 8. g5 Nh5 9. Bf3 Nd7 10. Nge2 b4 11. Nd5 e6 12. Nxb4 c5 13. Nd3 c4 14. Ndc1 f5 15. gxf6 Ndxf6 16. Nc3 0-0 17. N1e2 Rb8 18. Qd2 Bc6 19. b3 cxb3 20. axb3 Qc8 21. Rg1 e5 22. Qd3 Kh8 23. Qc4 Qh3 24. Bg2 Qd7 25. dxe5 Ng4 26. e6 Nxe3 27. fxe3 Qe7 28. Qxc6 Rbc8 29. Qxa6 Rxc3 30. Nxc3 Bxc3+ 31. Ke2 Ng3+ 32. Kd3 Bg7 33. Qc6 Bxa1 34. Rxa1 Qxe6 35. Ra7 Kg8 36. Bh3 Qf6 37. Qd5+ Kh8 38. Qb7 1-0

[Event "Chigorin Memorial 28th"]
[Site "St Petersburg"]
[Date "2021.10.23"]
[Round "1"]
[White "Balandina, Alisa"]
[Black "Akmalov, Daniil"]
[Result "0-1"]
[WhiteElo "1801"]
[BlackElo "2235"]
[PlyCount "84"]
[EventDate "2021.10.23"]
[EventType "swiss"]
[EventRounds "9"]
[EventCountry "RUS"]
[SourceTitle "EXT 2023"]
[Source "ChessBase"]
[SourceDate "2022.10.05"]
[SourceVersion "1"]
[SourceVersionDate "2022.10.05"]
[SourceQuality "1"]

1. e4 e5 2. Nf3 Nc6 3. Bb5 a6 4. Ba4 Nf6 5. 0-0 b5 6. Bb3 Bc5 7. c3 d6 8. Re1 0-0 9. h3 h6 10. d4 Bb6 11. a4 Rb8 12. a5 Ba7 13. Be3 exd4 14. cxd4 d5 15. exd5 Ne7 16. Ne5 Bb7 17. Nc6 Nxc6 18. dxc6 Bxc6 19. Nc3 b4 20. Ne2 Nd5 21. Rc1 Nxe3 22. fxe3 Ba8 23. Bc4 Qg5 24. Nf4 Rbd8 25. Rf1 Be4 26. Qb3 c5 27. dxc5 Rd2 28. Rf2 Rxf2 29. Kxf2 Bxc5 30. g3 Bd6 31. Bxa6 Qxa5 32. Bc4 Qf5 33. g4 Qf6 34. Kg1 Qh4 35. Kf1 Qg3 36. Bd5 Bxf4 37. Bxe4 Bxe3 38. Rc2 Qg1+ 39. Ke2 Qf2+ 40. Kd3 Rd8+ 41. Bd5 Qf3 42. Rc8 Bf4+ 0-1

[Event "St Petersburg Summer op"]
[Site "St Petersburg"]
[Date "2017.08.23"]
[Round "8"]
[White "Akmalov, Daniil"]
[Black "Bodnaruk, Anastasia"]
[Result "1-0"]
[WhiteElo "2288"]
[BlackElo "2440"]
[PlyCount "99"]
[EventDate "2017.08.16"]
[EventType "swiss"]
[EventRounds "9"]
[EventCountry "RUS"]
[SourceTitle "CBM 180 Extra"]
[Source "ChessBase"]
[SourceDate "2017.10.06"]
[SourceVersion "1"]
[SourceVersionDate "2017.10.06"]
[SourceQuality "1"]

1. d4 d6 2. e4 Nf6 3. Nc3 g6 4. f4 Bg7 5. Nf3 0-0 6. Bd3 Na6 7. 0-0 c5 8. d5 Bg4 9. h3 Bxf3 10. Qxf3 Nb4 11. Qf2 Nxd3 12. cxd3 e6 13. dxe6 fxe6 14. Be3 Nh5 15. Qd2 Qh4 16. Rf3 Qe7 17. Raf1 b5 18. Nxb5 d5 19. Qc1 Qd7 20. Na3 Rac8 21. b3 Qc6 22. Qc2 Qa6 23. Bc1 Bd4+ 24. Kh2 g5 25. Qd1 gxf4 26. exd5 exd5 27. Nc2 Be5 28. d4 cxd4 29. Nb4 Qg6 30. Nd3 Bd6 31. Bb2 Ng3 32. Re1 Ne4 33. Bxd4 Ng5 34. Rg1 Qe4 35. Nf2 Qc2 36. Qe1 h5 37. h4 Ne4 38. Qa5 Bc5 39. Nxe4 dxe4 40. Rc3 Qd2 41. Rxc5 Qxd4 42. Rg5+ Kf7 43. Rd5 Qb6 44. Rf5+ Ke7 45. Re5+ Kf6 46. Qd5 Qc6 47. Qd4 Kf7 48. Rf5+ Ke6 49. Qe5+ Kd7 50. Rd1+ 1-0

[Event "St Petersburg Summer op"]
[Site "St Petersburg"]
[Date "2017.08.18"]
[Round "3"]
[White "Lovkov, Roman"]
[Black "Akmalov, Daniil"]
[Result "1-0"]
[WhiteElo "2421"]
[BlackElo "2288"]
[PlyCount "69"]
[EventDate "2017.08.16"]
[EventType "swiss"]
[EventRounds "9"]
[EventCountry "RUS"]
[SourceTitle "CBM 180 Extra"]
[Source "ChessBase"]
[SourceDate "2017.10.06"]
[SourceVersion "1"]
[SourceVersionDate "2017.10.06"]
[SourceQuality "1"]

1. d4 Nf6 2. c4 a6 3. g3 c5 4. d5 e6 5. a4 Bd6 6. Bg2 0-0 7. Nh3 Bc7 8. 0-0 exd5 9. cxd5 d6 10. Nf4 Nbd7 11. e4 Rb8 12. b3 Re8 13. Qc2 b5 14. axb5 axb5 15. Bb2 Ne5 16. Nd2 Ba5 17. f3 Qb6 18. Kh1 Nfd7 19. Ne2 c4 20. Bd4 Nc5 21. Rfb1 Bxd2 22. Qxd2 cxb3 23. Bxe5 Rxe5 24. Nd4 Bd7 25. Nxb3 Nxb3 26. Rxb3 f5 27. Rba3 fxe4 28. fxe4 Rc8 29. Ra7 Rc7 30. Ra8+ Re8 31. e5 dxe5 32. Rxe8+ Bxe8 33. d6 Ra7 34. Qd5+ Rf7 35. Ra8 1-0

[Event "Voronezh op-B 19th"]
[Site "Voronezh"]
[Date "2015.06.20"]
[Round "8"]
[White "Gasanov, Zaur"]
[Black "Akmalov, Daniil"]
[Result "1/2-1/2"]
[WhiteElo "1973"]
[BlackElo "2121"]
[PlyCount "87"]
[EventDate "2015.06.12"]
[EventType "swiss"]
[EventRounds "9"]
[EventCountry "RUS"]
[SourceTitle "CBM 167 Extra"]
[Source "ChessBase"]
[SourceDate "2015.09.14"]
[SourceVersion "1"]
[SourceVersionDate "2015.09.14"]
[SourceQuality "1"]

1. d4 Nf6 2. c4 c5 3. d5 b5 4. cxb5 a6 5. bxa6 Bxa6 6. Nc3 d6 7. e4 Bxf1 8. Kxf1 g6 9. g3 Bg7 10. Kg2 0-0 11. Nf3 Nbd7 12. a4 Qb6 13. Qc2 Ne8 14. Nb5 Nc7 15. Nxc7 Qxc7 16. Ra2 Qb7 17. Bd2 Qa6 18. Rb1 f5 19. Ng5 fxe4 20. Qxe4 Nf6 21. Qe6+ Kh8 22. Nf7+ Rxf7 23. Qxf7 Qd3 24. Rd1 Qe2 25. Raa1 Rf8 26. Qe6 Ne4 27. Be3 Nxf2 28. Bf4 Ne4+ 29. Kg1 g5 30. Rd2 Bd4+ 31. Rxd4 Qf2+ 32. Kh1 Qxd4 33. Qxe7 Kg8 34. Bxd6 Nxd6 35. Qxd6 Qe4+ 36. Kg1 Qe3+ 37. Kh1 Qf3+ 38. Kg1 Qf2+ 39. Kh1 Re8 40. g4 Qf3+ 41. Kg1 Qe3+ 42. Kg2 Qe2+ 43. Kg1 Qe3+ 44. Kg2 1/2-1/2

[Event "Voronezh op-B 19th"]
[Site "Voronezh"]
[Date "2015.06.19"]
[Round "7"]
[White "Akmalov, Daniil"]
[Black "Kochukova, Anna"]
[Result "1/2-1/2"]
[WhiteElo "2121"]
[BlackElo "1994"]
[PlyCount "88"]
[EventDate "2015.06.12"]
[EventType "swiss"]
[EventRounds "9"]
[EventCountry "RUS"]
[SourceTitle "CBM 167 Extra"]
[Source "ChessBase"]
[SourceDate "2015.09.14"]
[SourceVersion "1"]
[SourceVersionDate "2015.09.14"]
[SourceQuality "1"]

1. e4 e5 2. Nf3 Nf6 3. d4 exd4 4. e5 Ne4 5. Qxd4 d5 6. exd6 Nxd6 7. Nc3 Nc6 8. Qf4 Bf5 9. Be3 Bxc2 10. Rc1 Bg6 11. h4 h6 12. Be2 Be7 13. g4 Bf6 14. b4 a6 15. Kf1 Bxc3 16. Rxc3 Qf6 17. Qxf6 gxf6 18. a3 Nb5 19. Bxb5 axb5 20. Nd4 0-0-0 21. Nxc6 bxc6 22. Ke2 Be4 23. f3 Bd5 24. h5 Rde8 25. Kf2 Kd7 26. Rd1 Re6 27. Rd2 Rh7 28. a4 bxa4 29. Ra3 f5 30. Rxa4 fxg4 31. fxg4 Re4 32. Rd4 f5 33. gxf5 Rf7 34. Rxe4 Bxe4 35. Kg3 Rxf5 36. Kg4 Rf6 37. Bf4 Bc2 38. Ra7 Bd1+ 39. Kg3 Bxh5 40. Rxc7+ Kd8 41. Rh7 Rg6+ 42. Kf2 Rf6 43. Ke3 Re6+ 44. Kd4 Re4+ 1/2-1/2

[Event "Samara Polugaevsky Memorial 4th"]
[Site "Samara"]
[Date "2014.07.08"]
[Round "7"]
[White "Akmalov, Daniil"]
[Black "Kuzmin, Egor"]
[Result "0-1"]
[WhiteElo "1920"]
[BlackElo "2171"]
[PlyCount "70"]
[EventDate "2014.07.02"]
[EventType "swiss"]
[EventRounds "9"]
[EventCountry "RUS"]
[SourceTitle "CBM 161 Extra"]
[Source "ChessBase"]
[SourceDate "2014.08.29"]
[SourceVersion "1"]
[SourceVersionDate "2014.08.29"]
[SourceQuality "1"]

1. d4 g6 2. c4 Bg7 3. e4 d6 4. Nc3 Nc6 5. d5 Nd4 6. Be3 c5 7. dxc6 Nxc6 8. Nf3 Nf6 9. h3 0-0 10. Be2 Bd7 11. 0-0 Rc8 12. Nd4 a6 13. Rc1 Nxd4 14. Bxd4 Bc6 15. Qd3 Qa5 16. a3 Nh5 17. Bxg7 Kxg7 18. Nd5 Bxd5 19. exd5 Nf6 20. b4 Qa4 21. f4 Rfd8 22. Qe3 Qd7 23. g4 h5 24. gxh5 Rh8 25. f5 gxh5 26. Kh2 Rcg8 27. Qd4 Kf8 28. Rf4 Rg5 29. Rcf1 Rhg8 30. R1f2 Qa4 31. R4f3 Qc2 32. Bf1 Qc1 33. c5 Rg1 34. cxd6 Qxf1 35. dxe7+ Ke8 0-1

[Event "Samara Polugaevsky Memorial 4th"]
[Site "Samara"]
[Date "2014.07.02"]
[Round "1"]
[White "Akmalov, Daniil"]
[Black "Duzhakov, Ilya"]
[Result "0-1"]
[WhiteElo "1920"]
[BlackElo "2384"]
[PlyCount "70"]
[EventDate "2014.07.02"]
[EventType "swiss"]
[EventRounds "9"]
[EventCountry "RUS"]
[SourceTitle "CBM 161 Extra"]
[Source "ChessBase"]
[SourceDate "2014.08.29"]
[SourceVersion "1"]
[SourceVersionDate "2014.08.29"]
[SourceQuality "1"]

1. d4 Nf6 2. c4 e6 3. Nc3 Bb4 4. f3 Nh5 5. g3 f5 6. f4 0-0 7. e4 Nf6 8. e5 Ne4 9. Nge2 d5 10. Bd2 Nxd2 11. Qxd2 dxc4 12. Bg2 Nd7 13. Kf2 Nb6 14. a3 Ba5 15. Qc2 Rf7 16. Nd1 Bd7 17. Ne3 Ba4 18. Qc1 Bb3 19. Rd1 c6 20. d5 cxd5 21. Rd4 Rd7 22. h3 Na4 23. g4 g6 24. gxf5 gxf5 25. Qg1 Kh8 26. Qh2 Bb6 27. Rg1 Qh4+ 28. Kf1 Nxb2 29. Bxd5 Nd3 30. Rg3 Bxd4 31. Bxe6 Bxe3 32. Qg2 Rg7 33. Bxf5 Rxg3 34. Qxb7 Rg1+ 35. Nxg1 Qf2# 0-1

[Event "Voronezh op-B 18th"]
[Site "Voronezh"]
[Date "2014.06.18"]
[Round "7"]
[White "Akmalov, Daniil"]
[Black "Sitnikov, Sergey V"]
[Result "1-0"]
[WhiteElo "1874"]
[BlackElo "2003"]
[PlyCount "180"]
[EventDate "2014.06.12"]
[EventType "swiss"]
[EventRounds "9"]
[EventCountry "RUS"]
[SourceTitle "EXT 2015"]
[Source "ChessBase"]
[SourceDate "2014.11.20"]
[SourceVersion "1"]
[SourceVersionDate "2014.11.20"]
[SourceQuality "1"]

1. d4 Nf6 2. c4 g6 3. Nc3 d5 4. cxd5 Nxd5 5. Na4 Nb4 6. a3 Nd5 7. e4 Nf6 8. f3 Bg7 9. Be3 0-0 10. Bc4 c6 11. Bb3 Nbd7 12. Ne2 e5 13. 0-0 exd4 14. Nxd4 Qe7 15. Rc1 Rd8 16. Qc2 Ne5 17. Ne2 b6 18. Rfd1 Bb7 19. h3 c5 20. Nf4 Rac8 21. Bc4 Nc6 22. Qf2 Nd4 23. Nc3 Rd7 24. Nfd5 Nxd5 25. Nxd5 Qd8 26. b4 Bxd5 27. Bxd5 Ne6 28. bxc5 bxc5 29. Qc2 c4 30. Bxc4 Rxd1+ 31. Rxd1 Qc7 32. Rc1 Qg3 33. Qf2 Qxf2+ 34. Kxf2 Bb2 35. Rc2 Bxa3 36. Bxa7 Kg7 37. Bb3 Rxc2+ 38. Bxc2 Bc5+ 39. Bxc5 Nxc5 40. f4 h6 41. Ke3 Kf6 42. e5+ Ke7 43. Bd3 Nd7 44. Kd4 Nf8 45. Bc4 Nd7 46. Bb5 Nf8 47. Bc4 Nd7 48. Bd5 f6 49. Be4 fxe5+ 50. fxe5 Nf8 51. Kd5 Ne6 52. g3 g5 53. Bf5 Ng7 54. Bg6 h5 55. Kd4 Ke6 56. Ke4 h4 57. g4 Kd7 58. Bf5+ Ke7 59. Bc8 Kd8 60. Bf5 Ke7 61. Bh7 Ke6 62. Bg8+ Ke7 63. Kd5 Ne8 64. Ke4 Ng7 65. Bc4 Kd7 66. e6+ Kd6 67. e7 Kxe7 68. Ke5 Ne8 69. Bb3 Nd6 70. Bd5 Ne8 71. Kf5 Nf6 72. Bf3 Kf7 73. Kxg5 Kg7 74. Kxh4 Nh7 75. Kg3 Kh6 76. h4 Kg7 77. g5 Kg6 78. Be4+ Kh5 79. Kf4 Nf8 80. Kg3 Ne6 81. Bf3+ Kg6 82. Kg4 Kg7 83. Bd5 Nf8 84. Be4 Ne6 85. Bf5 Nd8 86. Bc2 Nf7 87. Kf4 Kh8 88. g6 Kg7 89. h5 Nh6 90. Kg5 Nf7+ 1-0

[Event "Voronezh op-B 18th"]
[Site "Voronezh"]
[Date "2014.06.17"]
[Round "6"]
[White "Grishchenko, Vladimir"]
[Black "Akmalov, Daniil"]
[Result "0-1"]
[WhiteElo "1983"]
[BlackElo "1874"]
[PlyCount "98"]
[EventDate "2014.06.12"]
[EventType "swiss"]
[EventRounds "9"]
[EventCountry "RUS"]
[SourceTitle "EXT 2015"]
[Source "ChessBase"]
[SourceDate "2014.11.20"]
[SourceVersion "1"]
[SourceVersionDate "2014.11.20"]
[SourceQuality "1"]

1. Nf3 d6 2. e4 c5 3. d3 Nc6 4. g3 g6 5. Bg2 Bg7 6. 0-0 e5 7. a4 Nge7 8. Na3 0-0 9. c3 h6 10. Ne1 Be6 11. f4 Qd7 12. Rf2 d5 13. Qc2 Rac8 14. Nf3 Kh7 15. fxe5 Nxe5 16. Nxe5 Bxe5 17. Qe2 Bg7 18. Nc2 d4 19. cxd4 cxd4 20. Ne1 Nc6 21. Qf1 Ne5 22. h3 Rc6 23. b4 Rfc8 24. Bb2 g5 25. b5 R6c7 26. Kh2 Ng6 27. Re2 Be5 28. Qf2 g4 29. hxg4 Nh4 30. Kg1 Nxg2 31. Nxg2 Rg8 32. Bc1 Bxg4 33. Re1 Rc3 34. Bf4 f6 35. Bxe5 fxe5 36. Qf6 Qg7 37. Rf1 Rxd3 38. Qxg7+ Rxg7 39. Kh2 Bd7 40. Nh4 Rdxg3 41. Nf5 Bxf5 42. exf5 R3g5 43. Ra3 Rh5+ 44. Rh3 Rxh3+ 45. Kxh3 Rg5 46. f6 Kg8 47. Rc1 d3 48. Rc7 e4 49. Rxb7 d2 0-1